• 首页
  • 本馆介绍
  • 公告通知
  • 最新文献
  • 馆藏检索
  • 电子资源
  • 读者导购
  • 参考咨询
  • 我的图书馆
  • 登录
  • 详细信息显示
  • 放入我的书架
  • 预约/预借图书
  • 作者相关作品
  • 分类相关作品
  • 丛书相关作品
  • 出版社相关作品

书目信息

  • 表格格式
  • 工作单格式
  • 卡片格式
题名:
最优化方法选讲
    
 
作者:
分册: 上  
出版信息:    1995
页数: 134页
开本: 26cm
丛书名:
单 册:
中图分类: O242.23
科图分类: 51.81
主题词: 最优化算法--高等师范教育--教材
电子资源:
ISBN:
000 00488nam0 2200193 45
001 0197009476
005 20070615183248.37
100    @a19970404d1995 y0chiy0121 ea
101 0  @achi
102    @aCN@b130000
105    @ay z 000yy
200 10 @a最优化方法选讲@Azui you hua fang fa xuan jiang@h上
210    @d1995
215    @a134页@d26cm
606    @a最优化算法@x高等师范教育@x教材
690    @aO242.23@v3
692    @a51.81
801  0 @aCN@bTSSF@c20070615
905    @a10447@dO242.23@e28:1
    
    最优化方法选讲.上.-1995
    134页;26cm
    
    
    ISBN :
    
●
相关链接 在E读中查询图书 在五车中查询图书 在当当中查询图书 在豆瓣中查询图书


正题名:最优化方法选讲     索取号:O242.23/28:1         预约/预借

序号 登录号 条形码 馆藏地/架位号 状态 备注
1 0639065   206390653   第二样本阅览室/ [索取号:O242.23/28:1] 在馆    
2 0639066   206390662   密集书库/ [索取号:O242.23/28:1] 在馆    
3 0652279   206522798   密集书库/ [索取号:O242.23/28:1] 在馆    
唐山师范学院图书馆 欢迎您!
大连网信软件有限公司© 版权所有